Les pays qui contient le plus de Tim Hortons - Statistiques

Statistiques générales
  • Ce quiz a été pris 27 fois
  • Le résultat moyen est 5 sur 10
Statistiques - réponses
Nombre Pays % Correct
3579 Canada
100%
637 Etats-Unis
100%
20 Mexique
95%
50 Chine
79%
50 Royaume-uni
63%
124 Arabie Saoudite
21%
90 Émirats Arabes Unis
16%
23 Qatar
16%
20 Philippines
0%
10 Thaïlande
0%
Aucun quiz correspondant
Distribution des résultats
% des personnes avec chaque résultat
Percentile par nombre de réponses
Votre historique - résultats
Vous n’avez pas pris ce quiz